000 00712nam a22002297a 4500
003 UA-OsUOA
001 135117
007 ta
008 20190109b un ||||| |||| 00| 0 ukr d
100 _aСтишов О.
700 _aЩока О.
090 _a81
_bС80
942 _cSA
040 _aUA-OsUOA
_bukr
_cUA-OsUOA
_dUA-OsUOA
245 _aОсобливості стилістичного використання фразеологізмів у творах Бориса Грінченка
300 _aС.3-9
955 _a0
041 _aukr
080 _a81
773 0 _w135116
650 7 _a8 Мовознавство. Художня література. Літературознавство
_2UDC
999 _c421319
_d421319